000 02480nam a22003613i 4500
001 9952946469205158
005 20250509104128.0
006 m o d |
007 cr cnu||||||||
008 241206s2024 xx o ||||0 eng d
020 _a9789365891546
035 _a(MiAaPQ)EBC31812020
035 _a(Au-PeEL)EBL31812020
035 _a(CKB)36815620600041
035 _a(FR-PaCSA)88961681
035 _a(FRCYB88961681)88961681
035 _a(DE-B1597)732204
035 _a(DE-B1597)9789365891546
035 _a(EXLCZ)9936815620600041
040 _aMiAaPQ
_beng
_erda
_epn
_cMiAaPQ
_dMiAaPQ
044 _apl
_cPL
100 _aMarchiotto, Andrea.
_925084
245 1 0 _aAdopting AI for Business Transformation.
250 _aFirst edition
264 1 _aDelhi :
_bBPB Publications,
_c2024.
264 4 _c©2025.
300 _a318 pages
505 0 0 _tAdopting AI for Business Transformation: Complete guide to harness AI to stay competitive and future proof (English Edition)
520 _aAdopting AI for Business Transformation offers a comprehensive guide for businesses ready to transition into AI and automation and transform their operations and ways of working. The book focuses on various industries providing practical insights and step-by-step guides for AI adoption and integration.Through real-world examples, expert insights, and case studies, the author shares his experience in product management, e-commerce, and digital platforms, presenting strategies for embracing AI and overcoming implementation challenges. Learn the key principles of AI adoption, get guidance on generative AI and large language models, and how to best leverage their power with advanced prompt engineering, organizational structures, workforce education and upskilling, cloud-based business models, and ready-to-use AI frameworks that have successfully transformed traditional businesses into AI-driven, modern, efficient business models.By the end of this book, you will understand how to adopt and integrate AI, empowering your team to leverage AI in your business operations, reducing the time spent on operational tasks, and unlocking new growth opportunities. By adopting the strategies in this book, you will reduce operational costs, improve efficiency, and future-proof your business.
588 _aDescription based on publisher supplied metadata and other sources.
650 0 _aArtificial intelligence
_xBusiness applications
_925125
942 _2lcc
999 _c4608
_d4608